| 000 | 00398nam a2200157Ia 4500 | ||
|---|---|---|---|
| 008 | 151213s9999 xx 000 0 und d | ||
| 020 | _a701112018 | ||
| 100 | _aD. S. R.Welland | ||
| 245 |
_aWiltred Owen A .Critical Study _cD. S. R.Welland |
||
| 260 |
_aLondon _bChattoq Windus _c1960 |
||
| 300 | _a4508 p. | ||
| 650 | _aCritics | ||
| 650 | _aEnglish | ||
| 700 | _aD. S. R.Welland | ||
| 999 |
_c2883 _d2883 |
||